00744 2200277 4500001002100000005001700021008004100038020002200079035002400101040001200125082002200137084002200159090002200181100001800203245003100221260003000252300004000282500001100322650003100333700001900364700002000383850001200403990001700415990001700432990001700449INLIS00000000000014220141002093544.0  a978-0-7946-0316-8 0010-101400000000037 aYOPDYOG aQ 641.59152 Dek C aQ 641.59152 Dek C aQ 641.59152 Dek C aDEKURA, Hideo aThe complete book of sushi aSingaporebPeriplusc2004 a239 hlm.b: ilus. ;c29 cm [3 eks.] aIndeks aResep makanan-Sushi-Jepang aBrigid Treloar aYoshii, Ryuichi aYOPDYOG a8260-PD/B.14 a8261-PD/B.14 a8262-PD/B.14